Velké dějiny zemí Koruny české. Svazek XVII., 1948-1956 /

Přehled politických, sociálních a kulturních dějin českých zemí v letech 1948 - 1956.

Uloženo v:
Série:Velké dějiny zemí Koruny české, část
Hlavní autor: Pernes, Jiří, 1948- (Autor)
Médium: Kniha
Jazyk:Czech
Vydáno: Praha : Paseka, 2022
Vydání:Vydání první
Témata:
Celkem bylo vypůjčeno:0x
Příbuzné jednotky:Z cyklu:: Velké dějiny zemí Koruny české
Tagy:
Žádné tagy
LEADER 02702nam a2200445 i 4500
001 98480
003 CZ PrSKC
005 20230719142033.0
007 ta
008 220412s2022 xr acfhe||||||001 0|cze||
020 |a 9788076372146  |q (vázáno) 
040 |a BOE303  |b cze  |d KVG001  |e rda 
072 7 |a 94(437)  |x Dějiny Česka a Slovenska  |2 Konspekt  |9 8 
080 |a 94(437.3)  |2 MRF 
080 |a 321.64  |2 MRF 
080 |a 323.25/.26:329.15  |2 MRF 
080 |a (048.8)  |2 MRF 
100 1 |a Pernes, Jiří,  |d 1948-  |7 jn19990209645  |4 aut  |9 24920 
245 1 0 |a Velké dějiny zemí Koruny české.  |n Svazek XVII.,  |p 1948-1956 /  |c Jiří Pernes 
250 |a Vydání první 
264 1 |a Praha :  |b Paseka,  |c 2022 
300 |a 807 stran, xxiv stran obrazových příloh :  |b ilustrace (některé barevné), portréty, faksimile ;  |c 21 cm 
336 |a text  |b txt  |2 rdacontent 
337 |a bez média  |b n  |2 rdamedia 
338 |a svazek  |b nc  |2 rdacarrier 
500 |a Obsahuje seznam zkratek, zdroje vyobrazení a rejstřík 
504 |a Obsahuje bibliografické odkazy 
520 2 |a Přehled politických, sociálních a kulturních dějin českých zemí v letech 1948 - 1956.  |b Tak hladký průběh převratu v roce 1948 nečekali ani komunisté. Prezident Beneš se nátlaku podvolil a většina zákonodárců nové pořádky posvětila. Akční výbory jako hlavní prostředek „očištění“ společnosti se ukázaly jako nesmírně efektivní, propaganda fungovala, volby na konci května toho roku se podařilo zmanipulovat. Puč příliš nezkomplikovala ani smrt Jana Masaryka. A byla tu mocenská gravitace Moskvy. Stála za první lží nového režimu, když Klement Gottwald ještě jako předseda vlády veřejně odmítl kolektivizaci zemědělství. Tvrdá sovětská linie však stála i za politickými procesy a zejména za militarizací ekonomiky, jež stáhla Československo v padesátých letech do hluboké hospodářské krize. Zlom nastal Stalinovou smrtí, shodou okolností bezprostředně následovanou smrtí Gottwaldovou. Nakladatelská anotace. Kráceno. 
650 0 7 |a totalitní režimy  |7 ph116468  |2 czenas 
650 0 7 |a protikomunistický odboj  |7 ph115902  |2 czenas 
651 7 |a Česko  |7 ge128065  |2 czenas 
651 7 |a Československo  |7 ge131689  |2 czenas 
653 0 |a dějiny Česka 
655 7 |a monografie  |7 fd132842  |2 czenas  |9 53720 
710 2 |a Nakladatelství Paseka  |7 kn20080729011  |4 pbl 
787 0 8 |i Z cyklu:  |t Velké dějiny zemí Koruny české 
910 |a UOG502 
942 |2 ddc  |c KN 
999 |d 98480 
993 |0 0  |1 421180098865  |2 ddc  |4 0  |6 943_700000000000000  |7 0  |9 88219  |b 0  |c 98865  |d 2022-10-12  |e 0  |f DOSP  |g 943.7  |h 890.00  |i Koupě  |l DOSP  |r 2022-10-12  |t 5  |w 2022-10-12  |y KN  |z NAUCNA